[Event "III. Sarkany-Aranytiz IM"]
[Site "Budapest"]
[Date "2012.08.24"]
[Round "7"]
[White "Lyell, Mark"]
[Black "Radnai, Adam"]
[Result "1/2-1/2"]
[WhiteElo "2225"]
[BlackElo "2300"]
[PlyCount "134"]
[EventDate "2012.08.18"]
[EventType "tourn"]
[EventRounds "9"]
[EventCountry "HUN"]
[EventCategory "3"]

1. e4 e6 2. d4 d5 3. e5 c5 4. c3 Qb6 5. Nf3 Bd7 6. Na3 cxd4 7. cxd4 Bxa3 8.
bxa3 Qa5+ 9. Qd2 Qxd2+ 10. Bxd2 Ne7 11. Rb1 Bc6 12. a4 Nd7 13. a5 f6 14. exf6
gxf6 15. g3 Kf7 16. Bh3 Nc8 17. Bf4 b6 18. a6 Nb8 19. Bf1 Ne7 20. Kd2 Ng6 21.
Bh6 Bd7 22. Be2 Nc6 23. Rhc1 Rac8 24. Bb5 Ke7 25. Ke1 Nb8 26. Bd3 Rxc1+ 27.
Bxc1 Rc8 28. h4 Nc6 29. h5 Nf8 30. Ba3+ Kf7 31. Bxf8 Kxf8 32. Bxh7 f5 33. Bg6
Kg7 34. Kd2 Na5 35. Ne5 Nc4+ 36. Kd1 Ba4+ 37. Ke2 Nxe5 38. dxe5 Rc5 39. Rh1 Rc7
40. Ke3 Kh6 41. Rh4 Rc3+ 42. Kd4 Ra3 43. Bxf5 exf5 44. e6 Rxa2 45. Ke5 Be8 46.
f4 b5 47. Kxf5 b4 48. g4 b3 49. g5+ Kh7 50. g6+ Kh6 51. Rh1 b2 52. Rb1 d4 53.
Ke4 Rxa6 54. f5 Rb6 55. Kxd4 Kg7 56. Kc3 Rb5 57. Rxb2 Rxf5 58. Rb7+ Kf8 59. g7+
Kg8 60. h6 Rf6 61. Re7 Bb5 62. Rb7 Rxe6 63. Rxb5 Rxh6 64. Rb8+ Kxg7 65. Rb7+
Kg6 66. Rxa7 Rh7 67. Rxh7 Kxh7 1/2-1/2

[Event "III. Sarkany-Aranytiz IM"]
[Site "Budapest"]
[Date "2012.08.24"]
[Round "7"]
[White "Feher, Adam"]
[Black "Kojima, Shinya"]
[Result "1-0"]
[WhiteElo "2346"]
[BlackElo "2282"]
[PlyCount "69"]
[EventDate "2012.08.18"]
[EventType "tourn"]
[EventRounds "9"]
[EventCountry "HUN"]
[EventCategory "3"]

1. e4 e6 2. d4 d5 3. Nc3 Nf6 4. e5 Nfd7 5. f4 c5 6. Nf3 Nc6 7. Be3 Be7 8. Qd2
O-O 9. Be2 b6 10. O-O f5 11. exf6 Nxf6 12. Kh1 Qc7 13. Bb5 a6 14. Bxc6 Qxc6 15.
Rae1 Bd6 16. Bg1 c4 17. a3 Bd7 18. Ne5 Qc7 19. Bf2 Rae8 20. Bh4 b5 21. Re3 a5
22. Bxf6 Rxf6 23. Qe1 Ref8 24. Ne2 Be8 25. g3 Qb6 26. Qd2 b4 27. axb4 Bxb4 28.
c3 Bd6 29. g4 Bg6 30. Nd7 Qc7 31. Nxf8 Kxf8 32. g5 Rf7 33. Rxe6 Bf5 34. Re3
Be4+ 35. Kg1 1-0

[Event "III. Sarkany-Aranytiz IM"]
[Site "Budapest"]
[Date "2012.08.25"]
[Round "8"]
[White "Teglas, Balazs"]
[Black "Kojima, Shinya"]
[Result "0-1"]
[WhiteElo "2247"]
[BlackElo "2282"]
[PlyCount "160"]
[EventDate "2012.08.18"]
[EventType "tourn"]
[EventRounds "9"]
[EventCountry "HUN"]
[EventCategory "3"]

1. d4 d5 2. Bf4 Nf6 3. e3 c5 4. c3 Nc6 5. Nd2 cxd4 6. exd4 Bg4 7. Qb3 Qc8 8.
Ngf3 e6 9. Ne5 Nxe5 10. dxe5 Nd7 11. c4 d4 12. Bd3 Nc5 13. Qb5+ Qc6 14. Be2
Qxb5 15. cxb5 Bxe2 16. Kxe2 O-O-O 17. Rac1 Kb8 18. Rhd1 Be7 19. Nc4 Rd5 20. b6
a6 21. Kf3 g5 22. Bd2 Nd3 23. Rc2 Rc8 24. Bxg5 Rxc4 25. Rxc4 Nxe5+ 26. Ke2 Nxc4
27. Bxe7 Nxb2 28. Rc1 Na4 29. Kd3 e5 30. f4 exf4 31. Bf6 Nxb6 32. Bxd4 Nd7 33.
Ke4 Ra5 34. Rc2 Ra4 35. Rd2 Nc5+ 36. Kf5 Ne6 37. Be5+ Kc8 38. Kf6 Re4 39. Bd6
Rc4 40. h4 Nc5 41. Bxc5 Rxc5 42. Rd4 Rc2 43. a4 Rxg2 44. Rxf4 h5 45. Kxf7 Kc7
46. Rc4+ Kb6 47. Ke6 Rg4 48. Rxg4 hxg4 49. h5 g3 50. h6 g2 51. h7 g1=Q 52. h8=Q
Qg4+ 53. Kd6 Qxa4 54. Qb2+ Ka5 55. Qe5+ b5 56. Kc6 Qc4+ 57. Kb7 Qf7+ 58. Kc6
Qg6+ 59. Kb7 Qb6+ 60. Kc8 Qc6+ 61. Kd8 Kb6 62. Qd4+ Kb7 63. Qb4 a5 64. Qe7+ Ka6
65. Qe5 b4 66. Ke7 Kb7 67. Qb2 Qc5+ 68. Kd7 Qd5+ 69. Ke7 b3 70. Ke8 a4 71. Ke7
Kb6 72. Qf6+ Ka5 73. Qc3+ Kb5 74. Qc8 Kb4 75. Qb8+ Ka3 76. Qg3 Qe4+ 77. Kd6 Ka2
78. Qf2+ b2 79. Qd2 Kb3 80. Qd1+ Ka3 0-1

[Event "III. Sarkany-Aranytiz IM"]
[Site "Budapest"]
[Date "2012.08.25"]
[Round "8"]
[White "Berczes, Csaba"]
[Black "Feher, Adam"]
[Result "1/2-1/2"]
[WhiteElo "2378"]
[BlackElo "2346"]
[PlyCount "30"]
[EventDate "2012.08.18"]
[EventType "tourn"]
[EventRounds "9"]
[EventCountry "HUN"]
[EventCategory "3"]

1. Nf3 Nf6 2. g3 e6 3. Bg2 d5 4. O-O Be7 5. c4 O-O 6. d4 c6 7. Qc2 b6 8. b3
Nbd7 9. Nbd2 Ba6 10. Bb2 Rc8 11. Rac1 c5 12. dxc5 Bxc5 13. e4 dxe4 14. Nxe4
Nxe4 15. Qxe4 Qe7 1/2-1/2

[Event "III. Sarkany-Aranytiz IM"]
[Site "Budapest"]
[Date "2012.08.25"]
[Round "8"]
[White "Radnai, Adam"]
[Black "Szekeres, Robert"]
[Result "1/2-1/2"]
[WhiteElo "2300"]
[BlackElo "2337"]
[PlyCount "80"]
[EventDate "2012.08.18"]
[EventType "tourn"]
[EventRounds "9"]
[EventCountry "HUN"]
[EventCategory "3"]

1. e4 c5 2. Nf3 e6 3. c4 Nc6 4. Nc3 Nf6 5. Be2 a6 6. O-O Qc7 7. d4 cxd4 8. Nxd4
Bd6 9. Kh1 Bb4 10. f3 d6 11. Be3 Bxc3 12. bxc3 e5 13. Nc2 Be6 14. Nb4 Na5 15.
Nd5 Bxd5 16. cxd5 O-O 17. Qd3 b5 18. Rfb1 Nc4 19. Bf2 Nd7 20. Qd1 Ncb6 21. Rc1
Rfc8 22. Qf1 Na4 23. Be1 Ndb6 24. f4 exf4 25. Qxf4 Re8 26. Bd3 Nc5 27. Bc2 Nc4
28. Bf2 Rac8 29. Bd4 Ne5 30. Qg3 f6 31. Rf1 Qf7 32. Rae1 Qg6 33. Qh3 Qg4 34.
Qe3 Qh4 35. g3 Qh3 36. Qe2 Re7 37. Rf4 Rce8 38. Bxc5 dxc5 39. Qd1 Qd7 40. Kg2
Nf7 1/2-1/2

[Event "III. Sarkany-Aranytiz IM"]
[Site "Budapest"]
[Date "2012.08.25"]
[Round "8"]
[White "Galyas, Miklos"]
[Black "Roos, Jean Luc"]
[Result "1-0"]
[WhiteElo "2412"]
[BlackElo "2270"]
[PlyCount "87"]
[EventDate "2012.08.18"]
[EventType "tourn"]
[EventRounds "9"]
[EventCountry "HUN"]
[EventCategory "3"]

1. d4 e6 2. c4 f5 3. Nc3 Nf6 4. f3 Bb4 5. Bd2 c5 6. e3 O-O 7. a3 Bxc3 8. Bxc3
b6 9. Nh3 Bb7 10. Qd2 Qc7 11. Be2 a5 12. d5 exd5 13. cxd5 Qd6 14. Rd1 Ba6 15.
O-O Qxd5 16. Qxd5+ Nxd5 17. Bxa6 Nxc3 18. Bc4+ d5 19. Rxd5 b5 20. bxc3 bxc4 21.
Rxc5 Re8 22. Rb1 Nd7 23. Rc7 Nf6 24. Rbb7 Rab8 25. Rxg7+ Kh8 26. Nf4 Rxb7 27.
Rxb7 Rxe3 28. Rf7 Ng8 29. Nd5 Re5 30. Rd7 Re1+ 31. Kf2 Ra1 32. Rc7 Rxa3 33.
Rxc4 Ra2+ 34. Kg3 a4 35. Rc7 a3 36. Ra7 Rd2 37. Nb4 f4+ 38. Kh3 Nh6 39. Rxa3
Nf7 40. Ra2 Rd6 41. Kg4 Rf6 42. Nd5 Ne5+ 43. Kg5 Rf8 44. Nxf4 1-0

[Event "III. Sarkany-Aranytiz IM"]
[Site "Budapest"]
[Date "2012.08.26"]
[Round "9"]
[White "Lyell, Mark"]
[Black "Galyas, Miklos"]
[Result "1/2-1/2"]
[WhiteElo "2225"]
[BlackElo "2412"]
[PlyCount "20"]
[EventDate "2012.08.18"]
[EventType "tourn"]
[EventRounds "9"]
[EventCountry "HUN"]
[EventCategory "3"]

1. e4 e6 2. d4 d5 3. e5 c5 4. c3 Nc6 5. Nf3 Nh6 6. Na3 cxd4 7. cxd4 Bxa3 8.
bxa3 Qa5+ 9. Qd2 Nf5 10. Bb2 Bd7 1/2-1/2